Arctic Monkeys Lyrics - Secret Door - Statistics

General Stats
  • This quiz has been taken 164 times
    143 since last reset
  • The average score is 195 of 261
Answer Stats
Lyrics % Correct
a
99%
the
99%
be
96%
I
94%
I,
94%
and
93%
And
93%
on
93%
for
92%
She
92%
she
92%
you
92%
Fools
90%
fools
90%
parade
90%
to
90%
But
87%
carry
87%
in
86%
secret
86%
she's
86%
She's
86%
door
85%
Her
85%
her
85%
Not
85%
Then
85%
us
85%
by
83%
nothing
83%
nothing,
83%
of
83%
who
83%
eyes
82%
rather
82%
than
82%
waiting
82%
would
82%
behind
80%
just
79%
beside
77%
hollowed
77%
never
77%
saying
77%
swings
77%
That
77%
that
77%
front
76%
giggling
76%
it
76%
been
75%
kind
73%
were
73%
very
72%
along
70%
absolutely
69%
cavort
69%
stares
69%
There's
69%
clear
68%
here
68%
if
68%
made
68%
as
66%
As
66%
my
66%
was
66%
Was
66%
find
65%
hand
65%
I'm
65%
swam
65%
Even
63%
out
63%
phantasm
63%
arms
62%
At
62%
tonight's
62%
all
61%
f***
61%
Grabbed
61%
It's
61%
they
61%
about
59%
leave
59%
night
59%
occupied
59%
completely
58%
folded
58%
like
58%
she'd
58%
soon
58%
came
56%
care
56%
conclusion
56%
frolic
56%
had
56%
notice,
56%
believe
55%
celebration
55%
little
55%
looking
55%
make
55%
most
55%
order
55%
picture
55%
that's
55%
Wednesday
55%
wouldn't
55%
indignant
54%
least
54%
reputation
54%
think
54%
bookshelf
52%
How
52%
Ones
52%
this
52%
could
51%
habitat?
51%
overture
51%
page
51%
attended
49%
magnolia
49%
miserable
49%
such
49%
survive
49%
you're
49%
better
48%
creature
48%
tyke
48%
corrected
46%
scribble
46%
unexpected
46%
sing-
45%
absence
44%
daft
44%
get
42%
squint
42%
Turn
42%
holds
41%
Conduct
39%
embarrassed
39%
gaze
39%
suddenly
37%
butler
35%
pushing
34%
unveiling
31%
earlier
28%
reluctant
28%
No matching quizzes found
Score Distribution
Percent of People with Each Score
Percentile by Number Answered
Your Score History
You have not taken this quiz since the last reset